书目信息 |
| 题名: |
骑你你的六匹马
|
|
| 作者: | 孙国志 编著 | |
| 分册: | ||
| 出版信息: | 北京 中国社会出版社 2007.02 |
|
| 页数: | 210页 | |
| 开本: | 20cm | |
| 丛书名: | ||
| 单 册: | ||
| 中图分类: | B848.4 | |
| 科图分类: | ||
| 主题词: | 个性心理学 , 人格心理学 | |
| 电子资源: | ||
| ISBN: | 978-7-5087-1653-4 | |
| 000 | 00748nam0 2200241 45 | |
| 001 | 0960850053 | |
| 005 | 20091026165549.60 | |
| 010 | @a978-7-5087-1653-4@dCNY25.00 | |
| 100 | @a20090515d2007 ekmy0 y0120 ea | |
| 102 | @aCN@b130000 | |
| 102 | @aCN@b110000 | |
| 105 | @ay z 000yy | |
| 200 | 1 | @a骑你你的六匹马@Aqi ni ni de liu pi ma@e创建事业成功的六大平台@f孙国志编著@Fsun guo zhi bian zhu |
| 210 | @a北京@c中国社会出版社@d2007.02 | |
| 215 | @a210页@d20cm | |
| 517 | 1 | @a创建事业成功的六大平台@Achuang jian shi ye cheng gong de liu da ping tai |
| 606 | 0 | @a个性心理学 |
| 606 | 0 | @a人格心理学 |
| 690 | @aB848.4@v4 | |
| 701 | 0 | @a孙国志@Asun guo zhi@4编著 |
| 801 | 0 | @aCN@c20091026 |
| 905 | @a10447@dB848.4@eS9104 | |
| 906 | @d25@n3@r1 | |
| 骑你你的六匹马:创建事业成功的六大平台/孙国志编著.-北京:中国社会出版社,2007.02 |
| 210页;20cm |
| ISBN 978-7-5087-1653-4:CNY25.00 |
| ● |
| 相关链接 |
|
|
|
正题名:骑你你的六匹马
索取号:B848.4/S9104
 
预约/预借
| 序号 | 登录号 | 条形码 | 馆藏地/架位号 | 状态 | 备注 |
| 1 | 655322 | 206553228 | 社科库509/509社科库 46排3列5层/ [索取号:B848.4/S9104] | 在馆 | |
| 2 | 655323 | 206553237 | 社科库509/509社科库 46排3列5层/ [索取号:B848.4/S9104] | 在馆 | |
| 3 | 655324 | 206553246 | 社科库509/509社科库 46排3列5层/ [索取号:B848.4/S9104] | 在馆 |